Majstra spoznáme až v sobotu v Pezinku štvrtý zápas finále play-off extraligy basketbalistov

Bibliographic Details
Format: Article
Language:Slovak
PhysicalDescription:Fotogr.
ISSN:0139-7001
Subjects:

MARC

LEADER 00000nab a2200000 ar4500
001 vtls009517114
003 SK-MaSNL
005 20260303060949.0
008 090526c20090514xo wr|p|||||||000 b|slo
015 |a SNBRBL2009/06  |2 snkbucl 
038 |a SNKBUCL 
040 |a SNKBUCL  |b slo  |c SNKBUCL  |e AACR2 
041 0 |a slo 
044 |a xo  |c SK 
080 |a 796.323.2.093.1  |2 2001 
245 0 0 |a Majstra spoznáme až v sobotu v Pezinku  |b štvrtý zápas finále play-off extraligy basketbalistov 
300 |b Fotogr. 
648 7 |a sezóna 2008/2009  |2 snkbucl  |9 1033714 
650 0 7 |a basketbal  |2 snkbucl  |9 3290 
650 0 7 |a muži  |2 snkbucl  |9 4888 
650 0 7 |a extraliga  |2 snkbucl  |9 18992 
650 0 7 |a finále play-off  |2 snkbucl  |9 73149 
650 0 7 |a štvrtý zápas  |2 snkbucl  |9 1034547 
773 0 |t Šport  |g Roč. 63, č. 109 (14.5.2009), s. 31  |x 0139-7001 
852 |a SNK  |b KIS3GCP 
999 |c 1733621  |d 1735551